| 000 | 00648cab a2200217 4500 | ||
|---|---|---|---|
| 001 | ABS43214 | ||
| 008 | 090401t1990 xxu||||| |||| 00| 0 eng d | ||
| 035 | _a(Sirsi) u40845 | ||
| 041 | _aeng | ||
| 100 | _aBaldwin, A.N. | ||
| 245 | _aWhy an information technology strategy is important | ||
| 260 | _c1990 | ||
| 350 | _a0 | ||
| 490 |
_aChartered Builder _v2(4) July/August 1990, 25-27(3) |
||
| 520 | _aIllustrates the importance for construction companies of having an IT strategy. | ||
| 650 | _aCOMPUTERS | ||
| 650 | _aMANAGEMENT | ||
| 690 | _aMANAGEMENT-BUSINESS MANAGEMENT-INFORMATION MANAGEMENT | ||
| 942 | _n0 | ||
| 948 | _c04/03/1997 | ||
| 999 |
_c26181 _d26181 |
||